000
00309nam a2200109Ia 4500
008
171205s9999 xx 000 0 und d
020
_a
9789814371728
100
_a
Alligood, Martha Raile.
245
_c
Martha Raile Alligood
_a
Nursing Theorists and Their Work
260
_b
Elsevier
_c
2014
300
_a
746 pages
999
_c
347373
_d
347373